| 000 | 00629nam a2200241Ia 4500 | ||
|---|---|---|---|
| 003 | OSt | ||
| 005 | 20221005065835.0 | ||
| 006 | a|||||r|||| 00| 0 | ||
| 007 | ta | ||
| 008 | 221004b |||||||| |||| 00| 0 eng d | ||
| 024 | _a50903 | ||
| 037 | _cTextual | ||
| 040 |
_aCRL _cCRL _beng |
||
| 041 |
_2eng _aeng |
||
| 082 | _aV58, M5.3 | ||
| 245 | 0 | _aGreat patriotic war of the Soviet people and our time | |
| 260 |
_aMoscow _bUSSR academy of sciences USSR _c1985 |
||
| 300 |
_a264p. _ccm. |
||
| 490 | _aHistory of the USSR | ||
| 650 | _aHISTORY | ||
| 942 |
_hV58, M5.3 _cTEXL _2cc |
||
| 999 |
_c975290 _d975290 |
||